|
|
|
|
| LEADER |
00000nam0a2200000 4500 |
| 001 |
377891 |
| 005 |
20231102012947.0 |
| 035 |
|
|
|a (RuTPU)RU\TPU\retro\35345
|
| 090 |
|
|
|a 377891
|
| 100 |
|
|
|a 20230410d1978 k y0rusy50 ca
|
| 101 |
0 |
|
|a rus
|
| 102 |
|
|
|a GE
|
| 105 |
|
|
|a a z 001zy
|
| 200 |
1 |
|
|a Исследование земных приливов по наблюдениям в Тбилиси
|e монография
|f К. З. Картвелишвили
|g Академия наук Грузинской ССР, Институт геофизики
|
| 210 |
|
|
|a Тбилиси
|c Мецниереба
|d 1978
|
| 215 |
|
|
|a 168 с.
|c ил.
|
| 320 |
|
|
|a Библиогр.: с. 164-166
|
| 606 |
1 |
|
|a Приливы и отливы
|2 stltpush
|3 (RuTPU)RU\TPU\subj\51677
|9 70249
|
| 610 |
1 |
|
|a Земля
|
| 610 |
1 |
|
|a земные поверхности
|
| 610 |
1 |
|
|a статический прилив
|
| 610 |
1 |
|
|a гармоники
|
| 610 |
1 |
|
|a выделение
|
| 610 |
1 |
|
|a наклоны
|
| 610 |
1 |
|
|a наблюдение
|
| 610 |
1 |
|
|a линейные приливные деформации
|
| 610 |
1 |
|
|a сила тяжести
|
| 610 |
1 |
|
|a приливные изменения
|
| 610 |
1 |
|
|a числа Лява
|
| 610 |
1 |
|
|a неприливные эффекты
|
| 610 |
1 |
|
|a монографии
|
| 675 |
|
|
|a 523.31-423.3
|v 4
|
| 700 |
|
1 |
|a Картвелишвили
|b К. З.
|g Карло Захарьевич
|
| 712 |
0 |
2 |
|a Академия наук Грузинской ССР
|b Институт геофизики
|c (Тбилиси)
|2 stltpush
|3 (RuTPU)RU\TPU\col\20572
|9 27771
|
| 801 |
|
1 |
|a RU
|b 63413507
|c 20230410
|
| 942 |
|
|
|c BK
|